000 00714nam a22001937a 4500
005 20100806104742.0
010 _aENG-98180
020 _c150.00
035 _aEN-81713
037 _bDBAD/PUB
082 _a332.820212
100 _aSamant, Dilip
_97355
245 _aTime value & money :
_ba magic of baffling effect /
_cby Dilip Samant
260 _aMumbai
_bShubhay Prakashan
_c2010
270 _aD/2/309, Mathura Bhuvan CHS, Dadasaheb Phalke Road,
_bDadar (E)
_e400014
300 _a102p.
_c24cm (pbk)
942 _2ddc
_cEN
_h332.820212
_mSAM
999 _c39613
_d39613